[Event "ch-Moscow S/F 2011"]
[Site "Moscow RUS"]
[Date "2011.03.15"]
[Round "2"]
[White "Shefer,A"]
[Black "Aldokhin,I"]
[Result "0-1"]
[WhiteElo "2180"]
[BlackElo "2380"]

1.d4 Nf6 2.c4 e6 3.Nf3 Bb4+ 4.Bd2 Qe7 5.g3 Nc6 6.Bg2 Bxd2+ 7.Nbxd2 d6 8.O-O O-O
9.e4 e5 10.d5 Nb8 11.Ne1 a5 12.Nd3 Na6 13.f3 c6 14.b3 Bd7 15.Re1 b5 16.cxb5 cxb5
17.a3 Rfc8 18.Rc1 Qd8 19.Qe2 Rxc1 20.Rxc1 Rc8 21.Rxc8 Qxc8 22.Qd1 Qc3 23.Nb1 Qd4+
24.Nf2 Qa1 25.Bf1 h5 26.h4 Qb2 27.Bd3 Nc5 28.Bc2 b4 29.a4 Bc8 30.Nd3 Qd4+
31.Nf2 Qb2 32.Nd3 Nxd3 33.Bxd3 Nd7 34.Qc2 Qd4+ 35.Kg2 Nc5 36.Be2 Qe3 37.Bc4 Qd4
38.Qf2 Qa1 39.Qc2 g6 40.Nd2 Qc3 41.Qd1 f5 42.Qe2 Kg7 43.Nb1 Qd4 44.Nd2 Kf6
45.Qf2 Qb2 46.exf5 Qd4 47.Qxd4 exd4 48.fxg6 Kxg6 49.f4 Bf5 50.Kf2 Bc2 51.Ke2 Kf5
52.Nf3 d3+ 53.Ke3 Kg4 54.Nd2 Kxg3 55.f5 Nd7 56.Bxd3 Bxd3 57.Kxd3 Kxh4 58.Ne4 Kg4
59.f6 h4 60.Ke3 h3 61.f7 h2 62.Nf6+ Nxf6 63.f8=Q h1=Q 64.Qxf6 Qxd5 65.Qf4+ Kh5
66.Qh2+ Kg6 67.Qc2+ Kf6 68.Qf2+ Ke6 69.Qa2 Qe5+ 70.Kf3 d5 71.Kg2 Qe4+ 72.Kf2 d4
73.Qd2 Ke5 74.Qb2 Qe3+ 75.Kg2 Kf4 76.Qa1 Qe2+ 77.Kh3 Qf3+ 78.Kh2 Qf2+ 79.Kh1 Kg3
80.Qc3+ bxc3  0-1

[Event "ch-Moscow S/F 2011"]
[Site "Moscow RUS"]
[Date "2011.03.19"]
[Round "4"]
[White "Tarasov,Alexandr"]
[Black "Aldokhin,I"]
[Result "0-1"]
[WhiteElo "1984"]
[BlackElo "2380"]

1.d4 Nf6 2.c4 e6 3.Nf3 Bb4+ 4.Bd2 Qe7 5.g3 Nc6 6.Nc3 d5 7.cxd5 exd5 8.Bg2 O-O
9.O-O Bxc3 10.Bxc3 Ne4 11.Nd2 Nxd2 12.Qxd2 Be6 13.Rfe1 Qd7 14.e4 dxe4 15.Bxe4 Bd5
16.Qf4 Bxe4 17.Rxe4 Ne7 18.Rae1 Nd5 19.Qf3 c6 20.Qe2 Rfd8 21.Qc4 Re8 22.Qe2 Kf8
23.Qh5 h6 24.Kg2 Rxe4 25.Rxe4 Re8 26.Qf3 Rxe4 27.Qxe4 Qe7 28.Kf3 Qxe4+ 29.Kxe4 Ke7
30.f3 Ke6 31.Bd2 Nf6+ 32.Kd3 Kd5 33.Bb4 Nh7 34.b3 Ng5 35.Ke3 Ne6 36.Bc3 g5
37.Kd3 f5 38.Ke3 f4+ 39.gxf4 Nxf4 40.Bb4 Ne6 41.Bc3 Ng7 42.Bb2 Nf5+ 43.Kd3 Nh4
44.Ke3 Ng2+ 45.Kf2 Nf4 46.Ke3 Ke6 47.Ke4 Nd5 48.a3 Nf6+ 49.Ke3 Kf5 50.Bc1 h5
51.Bd2 Nd5+ 52.Kf2 b6 53.Ke2 Nc7 54.Kd3 Ne6 55.Be3 Nf4+ 56.Bxf4 Kxf4 57.Ke2 g4
58.fxg4 Kxg4 59.Kf2 Kf4 60.Kg2 Ke4 61.Kh3 Kxd4 62.Kh4 Ke4 63.Kxh5 Kf5 64.h4 c5
65.a4 a6 66.Kh6 b5 67.axb5 axb5 68.h5 Kf6 69.Kh7 Kf7 70.h6 c4 71.bxc4 b4  0-1

[Event "ch-Southern FR Men"]
[Site "Armavir RUS"]
[Date "2011.03.20"]
[Round "9"]
[White "Sukhareva,E"]
[Black "Shibaev,F"]
[Result "0-1"]
[WhiteElo "2180"]
[BlackElo "2364"]

1.d4 Nf6 2.c4 e6 3.Nf3 Bb4+ 4.Bd2 a5 5.Qc2 Bxd2+ 6.Nbxd2 d6 7.e4 Nc6 8.Qc3 O-O
9.e5 Nd7 10.O-O-O f6 11.exf6 Qxf6 12.Ne4 Qf4+ 13.Qe3 e5 14.Qxf4 Rxf4 15.Nc3 Nf6
16.dxe5 dxe5 17.Nd5 Nxd5 18.cxd5 Ne7 19.Nxe5 Rxf2 20.Bc4 Kf8 21.Rhf1 Rf6
22.h3 Ng6 23.Nf3 h6 24.Nd4 Bd7 25.Rde1 Re8 26.Rxe8+ Kxe8 27.Rxf6 gxf6 28.Bd3 Nf4
29.Be4 Ke7 30.Nc2 Kd6 31.Ne3 Ke5 32.Bf3 Nd3+ 33.Kd2 Nxb2 34.Kc2 Kd4 35.Kxb2 Kxe3
36.d6 cxd6 37.Bxb7 Kd2 38.Bd5 Ba4 39.Ka3 Bd1 40.Kb2 Bc2 41.g4 Bd1 42.Be6 Kd3
43.Kc1 Be2 44.Kb2 Kd4 45.Kc2 Bf1 46.h4 Be2 47.Bd7 Ke3 48.Kb3 d5  0-1

[Event "ch-NCA 2011"]
[Site "Managua NCA"]
[Date "2011.03.20"]
[Round "8.2"]
[White "Alfaro,W"]
[Black "Fonseca Cabrera,E"]
[Result "1-0"]
[WhiteElo "2189"]
[BlackElo "2091"]

1.d4 Nf6 2.Nf3 e6 3.c4 Bb4+ 4.Bd2 Qe7 5.g3 Nc6 6.Bg2 Bxd2+ 7.Nbxd2 d6 8.e4 e5
9.d5 Nb8 10.b4 a5 11.a3 O-O 12.O-O axb4 13.axb4 Rxa1 14.Qxa1 Na6 15.Qc3 c5
16.b5 Nb4 17.Ne1 Ne8 18.f4 f6 19.f5 b6 20.g4 g5 21.Nef3 Qb7 22.h4 h6 23.hxg5 hxg5
24.Kf2 Rf7 25.Ra1 Qb8 26.Qa3 Rb7 27.Ne1 Qc7 28.Qa8 Rb8 29.Qa3 Rb7 30.Ndf3 Ng7
31.Ke2 Ne8 32.Kd2 Rb8 33.Nd3 Nxd3 34.Qxd3 Qb7 35.Ke2 Ra8 36.Rh1 Ra2+ 37.Nd2 Ra7
38.Rh6 Qf7 39.Qh3 Kf8 40.Rh8+ Ke7 41.Rh7 Ng7 42.Qh6 Kd8 43.Nf3 Qe7 44.Kf2 Rd7
45.Nxg5 fxg5 46.f6 Qf8 47.Rxg7 Rf7 48.Qxg5 Rxf6+ 49.Kg3  1-0

[Event "TCh-SUI 2011"]
[Site "Switzerland SUI"]
[Date "2011.03.20"]
[Round "2.7"]
[White "Gruenenwald,J"]
[Black "Rusev,A"]
[Result "0-1"]
[WhiteElo "2331"]
[BlackElo "2234"]

1.d4 Nf6 2.c4 e6 3.Nf3 Bb4+ 4.Bd2 Qe7 5.g3 O-O 6.Bg2 Bxd2+ 7.Qxd2 d6 8.Nc3 e5
9.O-O c6 10.e4 Bg4 11.Nh4 Na6 12.h3 Be6 13.b3 Rfd8 14.Rae1 Rab8 15.Nf5 Bxf5
16.exf5 Qc7 17.dxe5 dxe5 18.Qe3 Nd7 19.Ne4 Qb6 20.a3 Qxe3 21.Rxe3 Ndc5 22.Nxc5 Nxc5
23.b4 Nd7 24.b5 Nb6 25.Rc1 f6 26.Rb3 c5 27.a4 Rd4 28.a5 Nc8 29.b6 a6 30.Bd5+ Kf8
31.Rbc3 Ne7 32.g4 Ke8 33.Kf1 Kd7 34.Ke2 Kd6 35.Bg2 Nc6 36.Ra1 e4 37.Ke3 Re8
38.Bf1 h5 39.Be2 hxg4 40.hxg4 Rh8 41.Kf4 Ne5 42.Re3 Re8 43.Rc1 Nc6 44.Ra1 Ne5
45.Rc1 Nc6 46.Ra1 Rd2 47.f3 Nd4 48.Bd1 Rh2 49.Ba4 Re5 50.fxe4 Rb2 51.Bd1 Rb4
52.Rc3 Re8 53.Bf3 Rh8 54.Re1 Nxf3 55.Rxf3 Rxc4 56.Rd3+ Kc6 57.Red1 Re8 58.Rd6+ Kb5
59.Re6 g5+ 60.Kg3 Rxe6 61.fxe6 Rxe4 62.Rd6 Re5  0-1

[Event "Angora Int 2011"]
[Site "Ankara TUR"]
[Date "2011.03.22"]
[Round "4"]
[White "Guramishvili,S"]
[Black "Emiroglu,C"]
[Result "1/2-1/2"]
[WhiteElo "2334"]
[BlackElo "2181"]

1.d4 Nf6 2.c4 e6 3.Nf3 Bb4+ 4.Bd2 Qe7 5.g3 Nc6 6.Nc3 Bxc3 7.Bxc3 Ne4 8.Rc1 a5
9.Bg2 d6 10.d5 Nxc3 11.Rxc3 Nb8 12.dxe6 fxe6 13.Nd4 O-O 14.O-O Na6 15.Ra3 Nb4
16.Nb3 c5 17.Nxa5 Qc7 18.Nb3 Rxa3 19.bxa3 Nc6 20.f4 b6 21.e3 Ba6 22.Nd2 Na5
23.Qg4 Qe7 24.Rc1 Kh8 25.Be4 d5 26.Bd3 e5 27.Qh5 g6 28.Qxe5+  1/2-1/2

[Event "ch-VIE Men"]
[Site "Da Lat VIE"]
[Date "2011.03.22"]
[Round "4.1"]
[White "Pham Chuong"]
[Black "Nguyen Van Huy"]
[Result "1-0"]
[WhiteElo "2378"]
[BlackElo "2459"]

1.d4 Nf6 2.Nf3 e6 3.c4 Bb4+ 4.Bd2 Qe7 5.g3 Nc6 6.Bg2 Bxd2+ 7.Nbxd2 d6 8.O-O a5
9.Qc2 O-O 10.e4 e5 11.Qc3 Nxd4 12.Nxd4 exd4 13.Qxd4 Qe5 14.Nb3 a4 15.f4 Qh5
16.Nd2 Bh3 17.Rae1 Bxg2 18.Kxg2 Qa5 19.Re2 Rad8 20.Nb1 c6 21.Nc3 Ne8 22.Rd1 Nc7
23.Red2 Ne6 24.Qd3 Qb4 25.a3 Qb3 26.Ne2 Nc5 27.Qxb3 axb3 28.Nc3 Rde8 29.Kf3 f5
30.exf5 Rxf5 31.Rxd6 g5 32.Kg4 Ref8 33.fxg5 Rf2 34.R1d2 Rxd2 35.Rxd2 Rf1
36.h4 b6 37.Rd8+ Kf7 38.Rb8 Nd7 39.Rb7 Ke6 40.Kh5 Rf3 41.Na4 Rxg3 42.Nxb6 Nc5
43.Rxh7 Nd3 44.Rh6+ Kf7 45.Rxc6 Nxb2 46.g6+ Ke7 47.Kh6 Nd3 48.g7 Rg4 49.Nd5+  1-0

[Event "Skopje Spring Open 2011"]
[Site "Skopje MKD"]
[Date "2011.03.22"]
[Round "4"]
[White "Tancev,Z"]
[Black "Menkinoski,R"]
[Result "0-1"]
[WhiteElo "2279"]
[BlackElo "2298"]

1.d4 Nf6 2.c4 e6 3.Nf3 Bb4+ 4.Bd2 Qe7 5.Nc3 b6 6.g3 Bb7 7.Bg2 Bxc3 8.Bxc3 Ne4
9.Qc2 Nxc3 10.Qxc3 O-O 11.O-O d6 12.Rfe1 f5 13.Bf1 Nd7 14.Nd2 e5 15.e4 exd4
16.Qxd4 f4 17.f3 h5 18.Bh3 Ne5 19.Bf5 Qg5 20.Re2 fxg3 21.hxg3 Qxd2 22.Be6+ Kh8
23.Rxd2 Nxf3+ 24.Kg2 Nxd4 25.Rxd4 Rae8 26.Bd7 Re7 27.Ba4 Bxe4+ 28.Kg1 Rf3
29.Re1 Rxg3+ 30.Kh2 Rg2+ 31.Kh3 Rg4 32.Bd1 Bg2+ 33.Kh2 Rxe1 34.Bxg4 hxg4
35.Kxg2 Re2+ 36.Kg3 Rxb2 37.c5 dxc5 38.Rd7 Rxa2 39.Kxg4 Rf2 40.Rxc7 a5 41.Rb7 Rf6
42.Kg5 Rc6 43.Rb8+ Kh7 44.Kf5 c4 45.Ke5 c3 46.Rc8 Rxc8  0-1

[Event "1st Armen Norouz Cup"]
[Site "Esfahan IRI"]
[Date "2011.03.27"]
[Round "4"]
[White "Nadimifar,A"]
[Black "Dehghani,Ho"]
[Result "1-0"]
[WhiteElo "2101"]
[BlackElo "2008"]

1.d4 Nf6 2.Nf3 e6 3.c4 Bb4+ 4.Bd2 Bxd2+ 5.Qxd2 d6 6.Nc3 Nc6 7.g3 O-O 8.Bg2 e5
9.O-O exd4 10.Nxd4 Nxd4 11.Qxd4 a6 12.Rad1 Qe7 13.Rd2 Be6 14.Qh4 Rab8 15.Ne4 Rfe8
16.Nxf6+ Qxf6 17.Qxf6 gxf6 18.Rc1 b6 19.Bc6 Red8 20.a4 a5 21.b3 Kf8 22.Rc3 Ke7
23.Rd4 Rg8 24.Rf3 h5 25.Rdf4 Rg6 26.Rh4 Rg5 27.Re3 Rh8 28.f4 Rc5 29.Bf3 Kd7
30.g4 Rg8 31.h3 hxg4 32.hxg4 Bf5 33.Kf2 Bc2 34.Bd5 Rg7 35.Rc3 Bb1 36.Rh1 Bh7
37.Rch3 Bg8 38.Kf3 c6 39.Be4 d5 40.Rd1 Ke6 41.Bf5+ Ke7 42.Kf2 Kd6 43.e4 b5
44.axb5 cxb5 45.Rh6 bxc4 46.e5+ Kc7 47.exf6 Rg6 48.Bxg6 fxg6 49.Rxg6 Be6
50.f5 Bf7 51.bxc4 Rxc4 52.Rg7 Kc6 53.Rxf7  1-0

[Event "TCh-HUN 2010-11"]
[Site "Nagykanizsa HUN"]
[Date "2011.03.27"]
[Round "7"]
[White "Kiss,Pa1"]
[Black "Markus,Rob"]
[Result "0-1"]
[WhiteElo "2381"]
[BlackElo "2624"]

1.d4 Nf6 2.c4 e6 3.Nf3 Bb4+ 4.Bd2 a5 5.g3 d6 6.Bg2 Nbd7 7.O-O e5 8.Nc3 O-O
9.Qc2 Re8 10.Rad1 c6 11.a3 Bxc3 12.Bxc3 e4 13.Nd2 d5 14.e3 Nf8 15.Rde1 Bf5
16.f3 Qd7 17.f4 h5 18.h4 Bh3 19.c5 a4 20.Rf2 Bxg2 21.Rxg2 Ng4 22.Nf1 Nh7
23.Rb1 Nhf6 24.Bd2 Nh6 25.Bc1 Nfg4 26.b4 axb3 27.Rxb3 Nf5 28.Qb1 Re7 29.Rgb2 Ra7
30.Qc2 Qc8 31.Ra2 Re6 32.Qb1 Kh7 33.Rab2 Re7 34.Qc2 Qa8 35.Rb1 Ra4 36.Rb4 Rxb4
37.axb4 Re6 38.Rb2 Rg6 39.Ra2 Qd8  0-1

[Event "TCh-HUN 2010-11"]
[Site "Szombathely HUN"]
[Date "2011.03.27"]
[Round "7"]
[White "Pap,G"]
[Black "Babula,V"]
[Result "0-1"]
[WhiteElo "2519"]
[BlackElo "2515"]

1.d4 Nf6 2.c4 e6 3.Nf3 Bb4+ 4.Bd2 a5 5.a3 Bxd2+ 6.Qxd2 d6 7.Nc3 Nbd7 8.g4 O-O
9.g5 Ne8 10.O-O-O b6 11.h4 d5 12.g6 fxg6 13.Bh3 Ndf6 14.Ng5 c6 15.Bxe6+ Kh8
16.h5 gxh5 17.Nf7+ Rxf7 18.Bxf7 b5 19.Qg5 Bg4 20.f3 b4 21.fxg4 bxc3 22.c5 Qb8
23.bxc3 Qb3 24.Qe3 Nxg4 25.Qf3 Nef6 26.Bxh5 Rb8 27.Kd2 Ne4+ 28.Ke1 Ngf2  0-1

[Event "ch-CHN w 2011"]
[Site "Xinghua Jiangsu CHN"]
[Date "2011.04.02"]
[Round "4"]
[White "Guo Qi"]
[Black "Zhao Xue"]
[Result "0-1"]
[WhiteElo "2331"]
[BlackElo "2495"]

1.d4 Nf6 2.c4 e6 3.Nf3 Bb4+ 4.Bd2 a5 5.g3 d5 6.a3 Be7 7.Qc2 c6 8.Bg2 Nbd7
9.O-O O-O 10.Bf4 Nh5 11.Nbd2 f5 12.Ne5 Nxf4 13.gxf4 Nxe5 14.fxe5 b6 15.b3 Ba6
16.Rfd1 Qd7 17.Qc3 Rfd8 18.e3 Bb7 19.Nf1 Qe8 20.b4 Ba6 21.Nd2 Qf8 22.c5 Bb5
23.Qc2 Rdb8 24.Rdb1 Qd8 25.a4 Ba6 26.b5 Bb7 27.Rb3 bxc5 28.dxc5 Qc7 29.Rab1 cxb5
30.Rxb5 Bc6 31.Rb6 Bd7 32.Qb3 Rd8 33.c6 Bc8 34.Qb5 Qxe5 35.Nc4 Qc3 36.c7 Rf8
37.Rb8 Ra7 38.Qb6 Ra6 39.Bxd5 Ra7 40.Qb5 exd5 41.Qxd5+ Kh8 42.Rxc8 Rxc8 43.Ne5 g6
44.Rb6 Raxc7 45.Nxg6+ hxg6 46.Rxg6 Bf6 47.Qxf5 Rg8  0-1

[Event "TCh-NOR Attack-serien 2010-11"]
[Site "Oslo NOR"]
[Date "2011.04.03"]
[Round "9"]
[White "Elsness,F"]
[Black "Urkedal,F"]
[Result "1/2-1/2"]
[WhiteElo "2484"]
[BlackElo "2438"]

1.d4 Nf6 2.c4 e6 3.Nf3 Bb4+ 4.Bd2 Qe7 5.Nc3 O-O 6.g3 Bxc3 7.Bxc3 Ne4 8.Rc1 Nxc3
9.Rxc3 d6 10.Bg2 e5 11.O-O Nc6 12.d5 Nb8 13.Nd2 a5 14.f4 Na6 15.f5 f6 16.h4 Nc5
17.b3 Bd7 18.Qc2 Kh8 19.a3 c6 20.dxc6 Bxc6 21.Bd5 Qd7 22.b4 Na4 23.Rd3 axb4
24.axb4 Bxd5 25.Rxd5 Nb6 26.Rd3 Qc6 27.Rc1 Rfc8 28.e4 Ra4 29.c5 dxc5 30.bxc5 Rd4
31.Rxd4 exd4 32.Nb3 Nd7 33.Nxd4 Qxc5 34.Qxc5 Nxc5 35.Nf3 b6 36.e5 fxe5 37.Nxe5 Re8
38.Nc4 Ne4  1/2-1/2

[Event "Karposh Open"]
[Site "Skopje MKD"]
[Date "2011.04.05"]
[Round "5"]
[White "Damljanovic,B"]
[Black "Markus,Rob"]
[Result "1/2-1/2"]
[WhiteElo "2555"]
[BlackElo "2625"]

1.d4 Nf6 2.c4 e6 3.Nf3 Bb4+ 4.Bd2 a5 5.g3 d6 6.Bg2 Nbd7 7.O-O e5 8.Qc2 O-O
9.Nc3 Re8 10.Rad1 Bxc3 11.Bxc3 e4 12.Ng5 Qe7 13.d5 h6 14.Nh3 Ne5 15.f3 Bf5
16.Qc1 exf3 17.exf3 Nd3 18.Qd2 b5 19.cxb5 Nxd5 20.Nf2 Nxc3 21.Qxc3 Nxf2 22.Rxf2 a4
23.f4 Rab8 24.Bc6 Bd7 25.Rc1 Bxc6 26.Qxc6 Qe3 27.Kg2 Rb6 28.Qxc7 Rxb5 29.Qc3 Qe4+  1/2-1/2

[Event "Karposh Open"]
[Site "Skopje MKD"]
[Date "2011.04.07"]
[Round "7"]
[White "Bogdanovski,V"]
[Black "Menkinoski,R"]
[Result "0-1"]
[WhiteElo "2421"]
[BlackElo "2298"]

1.d4 Nf6 2.c4 e6 3.Nf3 Bb4+ 4.Bd2 a5 5.g3 d6 6.Bg2 Nbd7 7.O-O e5 8.Bxb4 axb4
9.a3 exd4 10.Nxd4 O-O 11.Nb5 Ne5 12.b3 Re8 13.Qd2 Nc6 14.Ra2 Ne4 15.Bxe4 Rxe4
16.axb4 Rxa2 17.Qxa2 Nxb4 18.Qd2 Na6 19.N1c3 Re5 20.Rd1 Bd7 21.Qd4 Re6 22.e3 h6
23.Qa7 Nc5 24.Nd4 Rg6 25.b4 Ne6 26.Qxb7 Ng5 27.f4 Nh3+ 28.Kg2 Bg4 29.Ra1 Qe7
30.Ra8+ Kh7 31.Qb8 Rf6 32.Qh8+ Kg6 33.Rg8 Kh5 34.Re8 Qd7 35.Nd5 Qa4 36.Nxf6+ gxf6
37.Qh7 Qa2+ 38.Qc2 Qa1 39.Ne2 Qe1  0-1

[Event "Karposh Open"]
[Site "Skopje MKD"]
[Date "2011.04.09"]
[Round "9"]
[White "Mitkov,M"]
[Black "Menkinoski,R"]
[Result "1-0"]
[WhiteElo "2401"]
[BlackElo "2298"]

1.d4 Nf6 2.c4 e6 3.Nf3 Bb4+ 4.Bd2 a5 5.Nc3 b6 6.e3 Bb7 7.Bd3 O-O 8.Qc2 d6
9.a3 Bxc3 10.Bxc3 Nbd7 11.e4 d5 12.cxd5 exd5 13.e5 Ne4 14.O-O f5 15.exf6 Qxf6
16.Ne5 Nxe5 17.dxe5 Qh4 18.Be1 Nc5 19.f4 Qh6 20.Bd2 Nxd3 21.Qxd3 Qe6 22.b4 c5
23.Qb3 a4 24.Qa2 Ba6 25.Rf2 Bc4 26.Qc2 Bb3 27.Qd3 d4 28.bxc5 bxc5 29.Rc1 Rac8
30.Ba5 Kh8 31.h3 g5 32.f5 Qxe5 33.Re1 Qd5 34.Qg3 Rxf5 35.Bc7 Rcf8 36.Re7 R8f7
37.Be5+ Qxe5 38.Rxe5 Rxf2 39.Re8+ Rf8 40.Qe5+ Kg8 41.Qxg5+ Kh8 42.Rxf8+ Rxf8
43.Qxc5 Kg7 44.Qxd4+ Rf6 45.g4 h6 46.Kg2 Kg6 47.Kg3 Re6 48.h4 Kh7 49.Qd7+ Kh8
50.Kf4 Rg6 51.Qe8+ Kh7 52.Qe4 Kg7 53.Qe7+ Kg8 54.Qd8+ Kh7 55.Qc7+ Rg7 56.Qd6 Rg6
57.Qd3 Kg7 58.g5 hxg5+ 59.hxg5 Re6 60.Kf5 Re8 61.g6 Kg8 62.Kg5 Re1 63.Qd8+ Kg7
64.Qc7+ Kf8 65.Qb8+ Kg7 66.Qb7+ Kf8 67.Qb4+  1-0

[Event "TCh-HUN 2010-11"]
[Site "Zalaegerszeg HUN"]
[Date "2011.04.10"]
[Round "8"]
[White "Berczes,D"]
[Black "Horvath,Ta1"]
[Result "1-0"]
[WhiteElo "2520"]
[BlackElo "2414"]

1.d4 Nf6 2.c4 e6 3.Nf3 Bb4+ 4.Bd2 Qe7 5.g3 Nc6 6.Nc3 Bxc3 7.Bxc3 Ne4 8.Rc1 O-O
9.Bg2 d6 10.d5 Nd8 11.Nd2 Nxc3 12.Rxc3 e5 13.c5 f5 14.cxd6 cxd6 15.O-O Nf7
16.Qb3 b6 17.Rfc1 Bd7 18.Rc7 Rfc8 19.Qa3 Qd8 20.Rxc8 Bxc8 21.Nc4 g6 22.Rc3 Kg7
23.e4 fxe4 24.Bxe4 a6 25.Bg2 Rb8 26.Nd2 Bb7 27.Qb4 Rc8 28.Nc4 Rc5 29.Qxb6 Rxc4
30.Qxb7 Rxc3 31.bxc3 Qa5 32.Bh3 Kf6 33.Qb3 Qc5 34.Bg2 a5 35.a4 h5 36.Kf1 Nh6
37.Bf3 Nf7 38.h4 Nh6 39.Kg2 Nf7 40.Kf1 Qc7 41.Kg1 Nd8 42.Be4 Qb7 43.Qc2 Qf7
44.Qb1 Qg7 45.c4 Qe7 46.c5 dxc5 47.Qb6+  1-0

[Event "11th BCC Thailand Open"]
[Site "Pattaya THA"]
[Date "2011.04.15"]
[Round "7.5"]
[White "Illner,A"]
[Black "Schebler,G"]
[Result "1/2-1/2"]
[WhiteElo "2353"]
[BlackElo "2460"]

1.d4 Nf6 2.Nf3 e6 3.c4 Bb4+ 4.Bd2 Qe7 5.g3 Nc6 6.Bg2 Bxd2+ 7.Nbxd2 d6 8.O-O O-O
9.e4 e5 10.d5 Nb8 11.b4 a5 12.a3 Bg4 13.Qc2 Na6 14.Qc3 Bxf3 15.Bxf3 c6 16.dxc6 bxc6
17.Nb3 axb4 18.axb4 c5 19.b5 Nb4 20.Rxa8 Rxa8 21.Ra1 Qd8 22.Rxa8 Qxa8 23.Qa1 Qxa1+
24.Nxa1 Kf8 25.Kf1 Ke7 26.Ke2 Kd7 27.Kd2 Kc7 28.Nb3 Kb6 29.h4 h6 30.Bg2 g6
31.Bf3 Nd7 32.Kc3 Na2+ 33.Kb2 Nb4  1/2-1/2

[Event "1st CHN-w Masters"]
[Site "Jiangsu Wuxi CHN"]
[Date "2011.04.16"]
[Round "1"]
[White "Shen Yang"]
[Black "Zhao Xue"]
[Result "1-0"]
[WhiteElo "2443"]
[BlackElo "2495"]

1.d4 Nf6 2.c4 e6 3.Nf3 Bb4+ 4.Bd2 a5 5.g3 d5 6.Qc2 c5 7.dxc5 d4 8.Bxb4 axb4
9.Nbd2 Nc6 10.Bg2 e5 11.O-O O-O 12.Ng5 h6 13.Nge4 Ne8 14.a3 bxa3 15.Qb3 Ra5
16.Rxa3 f5 17.Nd6 Nxd6 18.cxd6 Rc5 19.Bd5+ Kh7 20.Ra8 Qxd6 21.Qb6 Rd8 22.Nb3 Rxd5
23.cxd5 Qxd5 24.Qc7 d3 25.e3 Be6 26.Rxd8 Nxd8 27.Nd2 Nf7 28.f3 Qb5 29.Qc3 Nd8
30.Kf2 Nc6 31.Rd1 Nb4 32.Qc7 Nc2 33.Qd6 Bf7 34.b3 Nb4 35.Ra1 Nc6 36.Rc1 Bg6
37.Rc3 e4 38.Qc5 Qa6 39.Rc1 Qa8 40.b4 Qa2 41.Qc3 Ne5 42.Ra1 Qc2 43.Rc1 Qa2
44.Ra1 Qe6 45.Ra5 Nc6 46.Rc5 Ne7  1-0

[Event "TCh-HUN 2010-11"]
[Site "Mako HUN"]
[Date "2011.04.17"]
[Round "9"]
[White "Reiss,T"]
[Black "Amstadt,A"]
[Result "1/2-1/2"]
[WhiteElo "2403"]
[BlackElo "2262"]

1.d4 Nf6 2.c4 e6 3.Nf3 Bb4+ 4.Bd2 Qe7 5.Qc2 Nc6 6.e3 Bxd2+ 7.Nbxd2 d6 8.Bd3 a5
9.Ne4 Nb4 10.Nxf6+ Qxf6 11.Qc3 Nxd3+ 12.Qxd3 O-O 13.O-O Bd7 14.Rac1 a4 15.Qc3 Bc6
16.Nd2 b6 17.e4 Qh6 18.Rfe1 Ra5 19.Qe3 Qg6 20.Nf3 Rh5 21.d5 Bd7 22.Nd4 e5
23.Nb5 f5 24.exf5 Rhxf5 25.Nxc7 Rxf2 26.Qxf2 Rxf2 27.Kxf2 Bh3 28.gxh3 Qf7+
29.Kg2 Qxc7 30.b4 axb3 31.axb3 Qc5 32.Rc3 b5 33.Re4 bxc4 34.bxc4 Qb4 35.Rce3 Qb2+
36.Re2 Qb3  1/2-1/2

[Event "TCh-SUI 2011"]
[Site "Switzerland SUI"]
[Date "2011.04.17"]
[Round "3.7"]
[White "Grandadam,N"]
[Black "Meier,P SEY"]
[Result "1-0"]
[WhiteElo "2286"]
[BlackElo "2034"]

1.Nf3 Nf6 2.c4 e6 3.d4 Bb4+ 4.Bd2 Bxd2+ 5.Qxd2 b6 6.Nc3 Bb7 7.d5 exd5 8.cxd5 O-O
9.g3 Na6 10.Bg2 Nc5 11.O-O Nfe4 12.Nxe4 Nxe4 13.Qd4 Re8 14.Nh4 Nd6 15.e4 Qe7
16.Rfe1 f6 17.f4 Nb5 18.Qd3 Qc5+ 19.Kh1 c6 20.a4 Nc7 21.Rac1 Qf8 22.Nf5 g6
23.dxc6 Bxc6 24.Nd4 Ne6 25.Nxc6 dxc6 26.Rxc6 Nc5 27.Qc3 Kg7 28.e5 Rac8 29.exf6+ Kh6
30.Rxc8 Rxc8 31.Qe5  1-0

[Event "Caissa IM April 2011"]
[Site "Kecskemet HUN"]
[Date "2011.04.18"]
[Round "3.5"]
[White "Ilincic,Z"]
[Black "Keresztes,R"]
[Result "1/2-1/2"]
[WhiteElo "2471"]
[BlackElo "2249"]

1.d4 Nf6 2.c4 e6 3.Nf3 Bb4+ 4.Bd2 Qe7 5.g3 O-O 6.Bg2 Bxd2+ 7.Qxd2 Ne4 8.Qc2 d5
9.O-O c6 10.Nbd2 Nxd2 11.Nxd2 Nd7 12.e4 dxc4 13.Nxc4 e5 14.d5 Qc5 15.Rac1 cxd5
16.exd5 f5 17.Qd2 e4 18.d6 Nf6 19.Na5 Qb6 20.Rc7 Rd8 21.Rfc1 Rb8 22.Nc4 Qb5
23.Bf1 Be6 24.a4 Qd5 25.Qc2 f4 26.gxf4 Qf5 27.Ne3 Qxf4 28.Bc4 Bxc4 29.Qxc4+ Kh8
30.Qf7 Rg8 31.Qe6 Rbd8 32.d7 Qg5+ 33.Kf1 h5 34.R1c5 Qh4 35.Rxb7 Qxh2 36.Ke2 Rgf8
37.Rf5 Qh1 38.a5 Qb1 39.Qd6 Kh7 40.a6 Rf7 41.Nd5 Qd3+  1/2-1/2

[Event "ch-BLR Junior"]
[Site "Minsk BLR"]
[Date "2011.04.19"]
[Round "5"]
[White "Siagodnik,A"]
[Black "Sheremet,A"]
[Result "1/2-1/2"]
[WhiteElo "2164"]
[BlackElo "2078"]

1.d4 Nf6 2.Nf3 e6 3.c4 Bb4+ 4.Bd2 Qe7 5.g3 O-O 6.Bg2 Nc6 7.O-O Bxd2 8.Nbxd2 d6
9.Rc1 e5 10.Nb3 e4 11.Ne1 Bf5 12.d5 Ne5 13.Nd4 Bg6 14.Qb3 c5 15.dxc6 bxc6
16.f4 exf3 17.Nexf3 Rab8 18.Qa3 Be4 19.b3 Neg4 20.Rc3 c5 21.Nb5 Nd5 22.cxd5 Rxb5
23.Nh4 Bxg2 24.Nxg2 Qxe2 25.Qxa7 Rbb8 26.Rcf3 Ne5 27.R3f2 Qe4 28.Nf4 Ng4
29.Re2 Qd4+ 30.Kh1 Rfe8 31.Rxe8+ Rxe8 32.Qd7 Qe4+ 33.Kg1 Ne3 34.Re1 g5 35.Qxe8+ Qxe8
36.Ng2 f5 37.Nxe3 f4 38.Ng2 Qg6 39.gxf4 gxf4 40.Rf1 Qg5 41.Rxf4 Qxd5 42.h4 Qe5
43.a4 d5 44.Rf3 c4 45.bxc4 dxc4 46.Kf1 Qa1+ 47.Ne1 Qxa4 48.Rc3 Qb4 49.Rc2 c3
50.Ke2 Qd4 51.Kf1 Kf7 52.Rf2+ Kg7 53.Rg2+ Kh6 54.Re2 Kh5 55.Rh2 Qe3 56.Rf2 Qe4
57.Rc2 Qc4+ 58.Kg2 Kxh4 59.Nf3+ Kh5 60.Ne1 Qe4+ 61.Kf2 Qd4+ 62.Ke2 Kg4 63.Kf1 h5
64.Rh2 Kg3 65.Rg2+ Kh3 66.Rh2+ Kg3 67.Rg2+ Kf4 68.Rh2 Kf5 69.Rxh5+ Ke6 70.Rh2  1/2-1/2

[Event "Joao Braga Open"]
[Site "Sao Paolo BRA"]
[Date "2011.04.21"]
[Round "3.67"]
[White "Alves,Sidney David"]
[Black "Guimaraes,Artemis Pamela"]
[Result "1/2-1/2"]
[WhiteElo "1522"]
[BlackElo "1944"]

1.d4 Nf6 2.c4 e6 3.Nf3 Bb4+ 4.Bd2 a5 5.a3 Be7 6.g3 d5 7.Bg2 O-O 8.Qc2 Nc6
9.O-O dxc4 10.Qxc4 Qd5 11.Qxd5 exd5 12.Nc3 Bg4 13.e3 Bxf3 14.Bxf3 Rfd8 15.Rfe1 Bf8
16.Rac1 Ne7 17.Na4 c6 18.Nc5 Ra7 19.Bxa5 Rxa5 20.Nxb7 Rda8 21.Nxa5 Rxa5 22.e4 dxe4
23.Bxe4 Nxe4 24.Rxe4 Ra6 25.Rce1 Nf5 26.Kg2 g6 27.Rd1 Nd6 28.Re2 h5 29.Rd3 Bg7
30.Re7 Nf5 31.Rd7 Bf6 32.b4 Kg7 33.d5 cxd5 34.R7xd5 Bb2 35.Ra5 Rb6 36.b5 Rb7
37.a4 Bd4 38.Ra6 Re7  1/2-1/2

[Event "12th TCh-RUS Women"]
[Site "Olginka RUS"]
[Date "2011.04.22"]
[Round "6"]
[White "Gromova,I"]
[Black "Turova,I"]
[Result "1/2-1/2"]
[WhiteElo "2214"]
[BlackElo "2428"]

1.d4 Nf6 2.Nf3 e6 3.c4 Bb4+ 4.Bd2 a5 5.g3 d6 6.Bg2 Nc6 7.O-O e5 8.Bg5 exd4
9.Nxd4 Nxd4 10.Qxd4 h6 11.Bxf6 Qxf6 12.Qxf6 gxf6 13.a3 Bc5 14.Nc3 c6 15.Ne4 Ke7
16.Nxc5 dxc5 17.Rfd1 Be6 18.Rac1 Rhd8 19.Rd3 Rxd3 20.exd3 Rd8 21.Bf1 Rd4
22.f4 Kd6 23.Kf2 b5 24.Ke3 bxc4 25.dxc4 Bf5 26.Be2 Re4+ 27.Kf3 Re8 28.Rd1+ Kc7
29.Rd2 Rb8 30.Bd1 Be6 31.Be2 Bf5 32.Bd1 Be6 33.Be2  1/2-1/2

[Event "VII Lubuska Open"]
[Site "Gorzow POL"]
[Date "2011.04.23"]
[Round "7"]
[White "Bartnicki,P"]
[Black "Chomski,M"]
[Result "1/2-1/2"]
[WhiteElo "2102"]
[BlackElo "1845"]

1.d4 Nf6 2.Nf3 e6 3.c4 Bb4+ 4.Bd2 Be7 5.Nc3 d5 6.e3 O-O 7.Bd3 Nbd7 8.O-O Re8
9.Qe2 b6 10.e4 dxc4 11.Bxc4 Nf8 12.Bb5 Bd7 13.Rfd1 c6 14.Ba4 Qc7 15.Rac1 Qb7
16.Ne5 c5 17.Nxd7 N6xd7 18.dxc5 Bxc5 19.Bg5 a6 20.e5 b5 21.Bc2 Rac8 22.Ne4 Qb6
23.Nxc5 Rxc5 24.Be3 Rxe5 25.Bxb6 Rxe2 26.Be3 Rc8 27.Bxh7+ Kxh7 28.Rxc8 Rxb2
29.a4 bxa4 30.Ra8 a3 31.Rxa6 a2 32.Bd4 Rc2 33.Ra1 e5 34.Be3 Ne6 35.R6xa2 Rc6
36.Ra6 Rc3 37.Ra7 Rd3 38.Kf1 e4 39.R1a3 Rd6 40.R3a4 f5 41.R4a6 Rxa6 42.Rxa6 Ndf8
43.g3 Kg8 44.Ke2 Kf7 45.f3 exf3+ 46.Kxf3 Ng6 47.h3 Ne5+ 48.Kg2 Ng6 49.Bd2 Ngf8
50.Ra7+ Kg6 51.Bc3 Nh7 52.Re7 Nhf8 53.h4 Kh6 54.Re8 Kg6 55.Re7 Kh6 56.Kf3 g5
57.Bd2 Kg6 58.hxg5 Nxg5+ 59.Bxg5 Kxg5 60.Re5 Kf6 61.Ra5 Ne6 62.Ke3 Kg5 63.Ra6 Nc5
64.Ra8 Ne6 65.Ra5 Kg4 66.Kf2 Ng5 67.Ra4+ Ne4+ 68.Kg2 Kg5 69.Ra8 Kg4 70.Rf8 Ng5
71.Rb8 Ne4 72.Rb4 Kg5 73.Kf3 Nd2+ 74.Ke3 Ne4 75.Rb8 Nxg3 76.Rg8+ Kh4 77.Kf4 Nh5+
78.Kxf5 Ng3+ 79.Kf4 Nh5+ 80.Kf3 Nf6 81.Rg6 Nh5 82.Rg4+ Kh3 83.Ra4 Nf6 84.Kf4 Nh5+
85.Kg5 Ng3 86.Ra2 Nf1 87.Kf4 Nh2 88.Rf2 Ng4 89.Rf3+ Kh4 90.Ra3 Nf6 91.Kf5 Nh5
92.Ra4+ Kh3 93.Kg5 Ng3 94.Ra3 Kg2 95.Kg4 Ne2 96.Rf3 Ng1 97.Re3 Kf2 98.Rb3 Ne2
99.Kg5 Nd4 100.Ra3 Nf3+ 101.Kf4 Nd2 102.Ra2  1/2-1/2

[Event "17th Asian Cities"]
[Site "Jakarta INA"]
[Date "2011.04.23"]
[Round "2.2"]
[White "Halay,T"]
[Black "Antonio,R"]
[Result "0-1"]
[WhiteElo "2346"]
[BlackElo "2589"]

1.d4 Nf6 2.c4 e6 3.Nf3 Bb4+ 4.Bd2 Qe7 5.Nc3 b6 6.g3 Bb7 7.Bg2 O-O 8.O-O d6
9.b3 Nbd7 10.a3 Bxc3 11.Bxc3 Be4 12.Bb2 a5 13.Rc1 Rfe8 14.Qd2 h6 15.Qe3 c6
16.Rfd1 Rac8 17.Rd2 Bh7 18.Ne1 e5 19.dxe5 dxe5 20.Bh3 Rc7 21.Rcd1 Nc5 22.f3 a4
23.bxa4 Nxa4 24.Ba1 b5 25.Rc1 Rb7 26.cxb5 cxb5 27.Qb3 e4 28.f4 h5 29.Ng2 e3
30.Rdd1 Ng4 31.Bxg4 hxg4 32.Be5 Kh8 33.Qxe3 f6 34.Bd4 Qf8 35.Qb3 Rxe2 36.Ne3 Qe8
37.Nxg4 Rbe7 38.Bf2 Nb2 39.Rd4 Bf5 40.h3 Nc4 41.Rcd1 Bc2 42.Qc3 Bxd1 43.Rxd1 Qc6
44.Rd8+ Re8 45.Rd1 Ra2 46.h4 Rxa3 47.Qd4 Ra4 48.h5 Ne3 49.Qxe3 Rxe3 50.Nxe3 Qf3
51.h6 Ra2 52.hxg7+ Kh7 53.Rf1 Rxf2  0-1